Visualizzazione normale
Vista MARC
- Baggio Fabio
di Personal Name
Records bibliografici associati: 1
001 - CONTROL NUMBER
- control field: 29365
003 - CONTROL NUMBER IDENTIFIER
- control field: IT-RoPau
005 - DATE AND TIME OF LATEST TRANSACTION
- control field: 20140613214447.0
008 - FIXED-LENGTH DATA ELEMENTS
- fixed length control field: 140613|| aca||aabn | a|a d
040 ## - CATALOGING SOURCE
- Original cataloging agency: IT-RoPau
- Transcribing agency: IT-RoPau
100 ## - HEADING--PERSONAL NAME
- Personal name: Baggio Fabio
- Relator term: Interprete
- Miscellaneous information: Codice interprete SPICS: 35728
670 ## - SOURCE DATA FOUND
- Source citation: Work cat.: (IT-RoPau)101866: Palmitessa Martino 29361, Ora sei con noi